[Event "S. A. Group BAN-chT 2018"]
[Site "Dhaka"]
[Date "2018.12.14"]
[Round "9"]
[White "Uten"]
[Black "Abu Sufian, Shakil"]
[Result "1/2-1/2"]
[WhiteElo "2114"]
[BlackElo "2230"]
[Annotator "TA"]
[PlyCount "98"]
[EventDate "2018.12.07"]
[EventType "team-tourn"]
[EventCountry "BAN"]
[SourceTitle "playchess.com"]
[Source "ChessBase"]
[SourceQuality "1"]

{[%evp 29,98,64,58,54,48,44,45,35,31,20,52,42,44,-35,37,0,0,-83,-72,-101,-91,-98,-91,-113,-90,-85,-83,-101,-62,-71,-76,-64,-77,-74,-54,-58,0,-44,0,0,0,0,0,0,0,0,0,0,0,0,0,0,0,0,0,0,0,0,0,0,0,0,0,0,0,0,0,0,0,0,0]} 1. d4 d5 2. Nf3 Nf6 3. c4 c6 4. Nc3 dxc4 5. a4 Bf5 6. e3 e6 7. Bxc4 Bb4 8. O-O O-O 9. Qe2 Nbd7 10. e4 Bg4 11. Rd1 Qa5 12. e5 {D19: Slav Defence: 5 a4 Bf5 6 e3: Main line with 9 Qe2} (12. h3 Bh5 13. e5 Nd5 14. Nxd5 cxd5 15. Bd3 Qd8 16. g4 Bg6 17. Bxg6 fxg6 18. a5 Nb8 19. Kg2 a6 {½-½ (40) Aronian,L (2802)-Vallejo Pons,F (2705) Porto Carras 2011}) 12... Nd5 13. Nxd5 cxd5 14. Bd3 h6 15. h3 Bh5 {LiveBook: 3 Games} 16. g4 Bg6 17. Bxg6 fxg6 {[#]} 18. g5 $146 ({Predecessor:} 18. Nh4 g5 19. Ng6 Rf7 {½-½ (58) Svetushkin,D (2587)-Zubarev,A (2517) Athens 2008}) 18... Qa6 19. Rd3 h5 20. Nh4 Kh7 21. Qc2 (21. Qd1 $14) 21... Rfc8 (21... Qc4 $15 22. Rc3 Bxc3 23. Qxg6+ Kg8 24. Qxe6+ {[%mdl 64] Double Attack} Kh8 25. Ng6+ (25. Qxd7 Bxd4 26. Ng6+ {[%mdl 64] Double Attack} Kg8 $19) (25. bxc3 Qxc3 26. Ng6+ Kh7 $17) 25... Kh7 26. Nxf8+ (26. Qxd7 $2 Kxg6 27. Be3 Bxd4 $19) 26... Nxf8 27. Qf5+ Ng6) 22. Rc3 Bxc3 23. Qxg6+ (23. bxc3 $11 Qc6 24. Qxg6+ Kg8 25. Ba3) 23... Kg8 $17 24. bxc3 Nf8 $36 {[%mdl 2048] Black is really pushing.} 25. Qxh5 Rxc3 26. Bd2 Rxh3 27. Kg2 Qd3 {[%mdl 64] [#] Double Attack} 28. Be3 Rxe3 29. fxe3 Rc8 ({Reject} 29... Qxe3 30. Rf1 $11) 30. Qf3 {With the idea Rf1.} Ng6 $1 {[%cal Rg6h4]} 31. Nxg6 Qxg6 {[%mdl 4096] Endgame KQR-KQR} 32. Qg4 $1 Rf8 33. Rf1 Rxf1 34. Kxf1 $15 {KQ-KQ. The position is equal.} Kf7 35. Ke1 Qb1+ 36. Kd2 Qa2+ 37. Ke1 Qxa4 {Threatens to win with ...Qc2.} 38. Qh5+ Ke7 39. Qg6 Qa5+ 40. Ke2 Qa6+ 41. Kf2 Kf8 42. Qh7 Qa2+ 43. Kf3 Qa1 44. Qh8+ Kf7 {[#] Hoping for ...Qf1+.} 45. g6+ $1 {[%mdl 576] Decoy} Kxg6 {...Qf1+ is the strong threat.} 46. Qe8+ {[%mdl 64] Double Attack} Kh7 {And now ...Qf1+ would win.} 47. Qxe6 Qf1+ 48. Kg3 Qg1+ 49. Kf3 Qf1+ {Accuracy: White = 82%, Black = 55%.} 1/2-1/2

[Event "S. A. Group BAN-chT 2018"]
[Site "Dhaka"]
[Date "2018.12.14"]
[Round "9"]
[White "Hossain, Monir"]
[Black "Bose, Protul Chandra"]
[Result "1/2-1/2"]
[WhiteElo "2038"]
[BlackElo "2130"]
[Annotator "TA"]
[PlyCount "40"]
[EventDate "2018.12.07"]
[EventType "team-tourn"]
[EventCountry "BAN"]
[SourceTitle "playchess.com"]
[Source "ChessBase"]
[SourceQuality "1"]

{[%evp 30,40,9,0,0,0,7,0,48,0,0,0,0]} 1. d4 d5 2. c4 e6 3. Nc3 Nf6 4. Nf3 c6 5. e3 Bd6 6. Bd3 Nbd7 7. O-O O-O 8. e4 dxe4 9. Nxe4 Nxe4 10. Bxe4 Nf6 11. Bd3 h6 12. Qe2 Qc7 13. b3 Re8 14. Bb2 b6 15. Rad1 Bb7 16. Bb1 {LiveBook: 3 Games} c5 {D46: Semi-Slav: 5 e3 Nbd7 6 Bd3, Black avoids the Meran} 17. dxc5 Bxf3 $146 ({Predecessor:} 17... Bxc5 18. Bxf6 gxf6 19. Be4 Rad8 20. Bxb7 Qxb7 21. Rd3 Rxd3 22. Qxd3 Be7 23. Qe3 Kg7 24. Rd1 {½-½ (64) Jansa,V (2490)-Meduna,E (2460) Zlin 1997}) 18. Qxf3 Bxh2+ 19. Kh1 {[#] aiming for g3.} Be5 20. cxb6 axb6 1/2-1/2

[Event "S. A. Group BAN-chT 2018"]
[Site "Dhaka"]
[Date "2018.12.14"]
[Round "9"]
[White "Zia, Tahsin Tajwar"]
[Black "Rahman, Ziaur"]
[Result "1/2-1/2"]
[WhiteElo "1925"]
[BlackElo "2468"]
[Annotator "TA"]
[PlyCount "95"]
[EventDate "2018.12.07"]
[EventType "team-tourn"]
[EventCountry "BAN"]
[SourceTitle "playchess.com"]
[Source "ChessBase"]
[SourceQuality "1"]

{[%evp 13,95,0,0,0,0,-17,0,-1,35,32,25,20,12,8,26,-15,-7,-23,-7,-14,-1,-34,5,22,11,14,25,-110,54,55,50,42,104,95,133,126,145,138,138,128,134,133,138,112,130,97,101,97,118,47,42,47,235,230,207,165,303,304,349,345,533,529,529,505,429,104,287,106,250,0,261,0,0,0,0,0,0,0,0,0,0,0,0,0]} 1. d4 g6 2. Nf3 Bg7 3. Bf4 d6 4. e3 Nd7 5. h3 e5 6. Bh2 Nh6 {A41: 1 d4 d6: Tartakower System and Modern Defence} (6... Ne7 7. Be2 O-O 8. O-O b6 9. c4 Bb7 10. Nc3 h6 11. Rc1 g5 12. b4 Ng6 13. dxe5 dxe5 14. Qc2 a5 {½-½ (56) Grachev,B (2654)-Fedoseev,V (2731) Sochi 2017}) 7. Be2 O-O {LiveBook: 29 Games} 8. Nc3 Nf5 $146 ({Predecessor:} 8... f6 9. Qd2 Nf7 10. O-O-O c6 11. dxe5 fxe5 12. Kb1 b5 13. h4 Nc5 {½-½ (13) Pils,W (2360)-Maierhofer,J (2025) Austria 1994}) 9. O-O Re8 10. a4 e4 11. Nd2 Nf6 12. g4 Nh4 13. Bg3 g5 14. Bxh4 gxh4 15. g5 Nd5 $1 {[%cal Rd5c3] And now ...Nxc3 would win.} 16. Ncxe4 Bxh3 17. Re1 Bf5 (17... f5 $5 {[%cal Rf5e4]} 18. gxf6 Nxf6 19. Bc4+ d5 20. Nxf6+ Bxf6 $11) 18. Bd3 $1 $36 {[%mdl 2048] White is more active.} Bg6 $1 19. Qg4 Nb4 20. f4 (20. Qxh4 $11 d5 21. Nf6+ Bxf6 22. gxf6) 20... Nxd3 $2 (20... d5 $17 21. Nf6+ Bxf6 22. gxf6 Nxd3 23. cxd3 Qxf6) 21. cxd3 $14 d5 22. Nf2 {Threatens to win with f5.} Qd6 (22... f5 $1 $14 23. gxf6 (23. Qxh4 c5 $11) 23... Qxf6) 23. Nf3 $16 Qe6 24. Qxh4 f5 25. Ne5 Qb6 26. Re2 Qb4 27. Qh1 Rad8 28. Qf3 Re6 29. Nd1 Bxe5 30. fxe5 f4 31. Nc3 ({Don't play} 31. Qxf4 $6 Rf8 $11) (31. exf4 $16 {Hoping for Qe3.} Qxd4+ 32. Ne3) 31... fxe3 $14 32. Qxe3 c6 $2 (32... c5 $1 $14) 33. Rf1 $1 $18 Rde8 34. Rf4 Qb6 (34... R6e7 {is a better defense.} 35. Rf6 Rg7) 35. Qf3 Qd8 36. Rf6 Qe7 (36... Qc8 {might work better.} 37. Rg2 R6e7) 37. Rf2 Kh8 38. Qh3 Rxf6 39. Rxf6 $2 ({Not} 39. exf6 Qb4 $16) (39. gxf6 $18 Qf7 40. Ne2) 39... Qb4 $2 (39... Kg8 $16 {was necessary.}) 40. Qe3 $2 (40. Rxg6 $1 $18 {is the precise move to win.} Qxd4+ 41. Kg2) 40... Qxb2 {[#]} (40... Bh5 $16) 41. Qf4 $2 (41. e6 $1 $18 {aiming for Qf4.} Qa1+ 42. Kh2) 41... Qb4 $2 {[%mdl 8192] [#]} (41... Kg7 $1 $11 {and Black stays safe.} 42. Rxg6+ Kxg6 43. Qf6+ Kh5 44. Qf3+ Kh4 45. Qf4+ Kh3 46. Qf3+ Kh4) 42. Rxg6 $2 (42. e6 $1 $18 {Threatening mate with Rxg6!} Qe7 43. Qe5) 42... hxg6 {[%mdl 4096] Endgame KQR-KQN. The position is equal.} 43. Qf6+ {[%mdl 64] Double Attack} Kg8 44. Qxg6+ Kf8 45. Qf6+ Kg8 46. Qg6+ Kf8 47. Qf6+ Kg8 48. Qg6+ {Accuracy: White = 45%, Black = 29%.} 1/2-1/2

[Event "S. A. Group BAN-chT 2018"]
[Site "Dhaka"]
[Date "2018.12.14"]
[Round "9"]
[White "Ahmed, Feroz"]
[Black "Mihir Lal, Das"]
[Result "*"]
[WhiteElo "1904"]
[BlackElo "2010"]
[Annotator "NA RC"]
[PlyCount "42"]
[EventDate "2018.12.07"]
[EventType "team-tourn"]
[EventCountry "BAN"]
[SourceTitle "playchess.com"]
[Source "ChessBase"]
[SourceQuality "1"]
[TimeControl "5400+30"]

1. c4 {[%emt 1:30:30]} d5 {[%emt 1:30:30]} 2. cxd5 {[%emt 0:00:30]} Nf6 {[%emt 0:00:30]} 3. e4 {[%emt 0:00:30] A10: English Opening: Unusual Replies for Black} c6 {[%emt 0:00:30]} 4. dxc6 {[%emt 0:00:30]} (4. d4 cxd5 5. Nc3 Nc6 6. Nf3 Bg4 7. exd5 Nxd5 8. Qb3 Bxf3 9. gxf3 e6 10. Qxb7 Nxd4 11. Bb5+ Nxb5 12. Qc6+ Ke7 13. Qxb5 Qd7 14. Nxd5+ Qxd5 15. Qxd5 exd5 16. Bf4 Kf6 17. O-O-O Bc5 18. Rxd5 Bxf2 19. Kb1 Rhe8 20. a4 Re2 21. Rc1 Rae8 22. b4 h6 23. Rc6+ R8e6 24. b5 {½-½ (43) Sulskis,S (2582)-Dreev,A (2682) Tallinn 2004}) 4... Nxc6 {[%emt 0:00:30]} 5. Nc3 {[%emt 0:00:30]} e5 {[%emt 0:00:30]} 6. Bb5 {[%emt 0:00:30]} Bc5 {[%emt 0:00:30]} 7. Nf3 {[%emt 0:00:30]} O-O {[%emt 0:00:30]} 8. Bxc6 $146 {[%emt 0:00:30]} ({Predecessor:} 8. O-O Nd4 9. Nxe5 Qd6 10. Nf3 Ng4 {0-1 (39) Claesen,P (2392)-Hovhannisyan,M (2294) Westerlo 2004}) 8... bxc6 {[%emt 0:00:30]} 9. Qa4 {[%emt 0:00:30]} Qb6 {[%emt 0:00:30]} 10. Nd1 {[%emt 0:00:30] [#]} Ng4 $2 {[%emt 0:00:30]} ({Black should play} 10... Ba6 $1 $19 11. Ne3 Rfe8) 11. Ne3 {[%emt 0:00:30]} Nxe3 12. fxe3 f6 {[%emt 0:01:00]} 13. O-O {[%emt 0:01:00]} Ba6 14. Rf2 {[%emt 0:00:30]} Rfd8 {[%emt 0:01:00]} 15. b4 {[%emt 0:00:30]} Be7 {[%emt 0:00:30]} 16. Qb3+ {[%emt 0:00:30]} Kh8 {[%emt 0:00:30]} 17. Rb1 {[%emt 0:00:30]} Bd3 {[%emt 0:00:30]} 18. Rb2 {[%emt 0:00:30]} Bxe4 {[%emt 0:00:30]} 19. Ne1 {[%emt 0:00:30] [#]} a5 $1 {[%emt 0:00:30]} 20. bxa5 {[%emt 0:00:30]} Qc5 {[%emt 0:00:30]} 21. Nc2 {[%emt 0:00:30]} Rxa5 $19 {[%emt 0:00:30]} *

[Event "S. A. Group BAN-chT 2018"]
[Site "Dhaka"]
[Date "2018.12.14"]
[Round "9"]
[White "Sourath Biswas"]
[Black "Jamal Uddin"]
[Result "*"]
[WhiteElo "1881"]
[BlackElo "2001"]
[Annotator "NA RC"]
[PlyCount "40"]
[EventDate "2018.12.07"]
[EventType "team-tourn"]
[EventCountry "BAN"]
[SourceTitle "playchess.com"]
[Source "ChessBase"]
[SourceQuality "1"]
[TimeControl "5400+30"]

1. c4 {[%emt 1:30:30]} Nf6 {[%emt 1:30:30]} 2. g3 {[%emt 0:00:30]} e6 {[%emt 0:00:30]} 3. Bg2 {[%emt 0:00:30]} d5 {[%emt 0:00:30]} 4. Nf3 {[%emt 0:00:30]} Be7 {[%emt 0:00:30]} 5. O-O {[%emt 0:00:30]} O-O {[%emt 0:00:30]} 6. b3 {[%emt 0:00:30]} b6 {[%emt 0:00:30]} 7. Bb2 {[%emt 0:00:30]} Bb7 {[%emt 0:00:30]} 8. d3 {[%emt 0:00:30]} c5 {[%emt 0:00:30]} 9. Nbd2 {[%emt 0:00:30]} Nbd7 {[%emt 0:00:30]} 10. a4 {[%emt 0:00:30]} Qc7 {[%emt 0:00:30]} 11. Ne1 {[%emt 0:00:30]} Rfd8 {[%emt 0:00:30]} 12. Qc2 $15 {[%emt 0:00:30]} (12. a5 $11) 12... Rac8 {[%emt 0:00:30]} 13. Rc1 {[%emt 0:00:30]} d4 {[%emt 0:00:30]} 14. Ne4 {[%emt 0:00:30]} Nxe4 {[%emt 0:00:30]} 15. dxe4 {[%emt 0:00:30]} Nf6 {[%emt 0:00:30]} 16. f3 e5 {[%emt 0:00:30]} 17. Nd3 Re8 {[%emt 0:00:30]} 18. e3 {[%emt 0:01:30]} Rcd8 {[%emt 0:00:30]} 19. exd4 {[%emt 0:00:30]} exd4 {[%emt 0:00:30]} 20. Rce1 {[%emt 0:00:30]} Bd6 {[%emt 0:00:30]} *

[Event "S. A. Group BAN-chT 2018"]
[Site "Dhaka"]
[Date "2018.12.15"]
[Round "10"]
[White "Kovalev, Vladislav"]
[Black "Khan, Mokaddesur Rahman"]
[Result "1-0"]
[WhiteElo "2683"]
[BlackElo "1942"]
[Annotator "TA"]
[PlyCount "33"]
[EventDate "2018.12.07"]
[EventType "team-tourn"]
[EventCountry "BAN"]
[SourceTitle "playchess.com"]
[Source "ChessBase"]
[SourceQuality "1"]

{[%evp 14,33,7,-10,-9,-12,-19,-18,0,0,78,87,68,74,57,56,86,83,106,95,74,24]} 1. e4 c5 2. Be2 (2. Nf3 Nc6 3. Bb5 g6 4. O-O Bg7 5. Re1 e5 6. b4 Nxb4 7. Bb2 a6 8. a3 axb5 9. axb4 Rxa1 10. Bxa1 d6 11. bxc5 Ne7 12. Qe2 b4 13. Qc4 Qa5 14. cxd6 Be6 {½-½ (34) Caruana,F (2832)-Carlsen,M (2835) London 2018}) 2... d6 3. f4 Nf6 4. d3 Nc6 5. Nf3 e6 6. O-O {B31: Sicilian: 2...Nc6 3 Bb5 g6} Be7 7. c3 O-O 8. Kh1 {LiveBook: 3 Games. The position is equal.} b5 9. a3 Qc7 $146 ({Predecessor:} 9... Bb7 10. Be3 a5 11. Nbd2 d5 12. e5 {0-1 (43) Souleidis,G (2419)-Lubbe,N (2503) Lueneburg 2016}) 10. Be3 Ng4 11. Bg1 f5 (11... Nf6 $11 {remains equal.}) 12. exf5 $16 exf5 13. d4 Rb8 14. b4 Nd8 15. a4 {White is better.} a6 16. axb5 axb5 17. Ra5 {[%mdl 32768] Accuracy: White = 74%, Black = 57%. . Loss on time!?} 1-0

[Event "S. A. Group BAN-chT 2018"]
[Site "Dhaka"]
[Date "2018.12.15"]
[Round "10"]
[White "Rahman, Ziaur"]
[Black "Islam, Mohammad Aminul"]
[Result "1-0"]
[WhiteElo "2468"]
[BlackElo "1959"]
[Annotator "TA"]
[PlyCount "63"]
[EventDate "2018.12.07"]
[EventType "team-tourn"]
[EventCountry "BAN"]
[SourceTitle "playchess.com"]
[Source "ChessBase"]
[SourceQuality "1"]

{[%evp 10,63,14,17,87,89,143,133,152,123,193,192,174,158,233,225,243,201,222,222,310,310,593,601,600,612,686,681,692,651,622,644,505,459,397,471,466,470,455,460,452,421,427,242,617,600,604,601,671,655,675,669,720,445,441,421]} 1. d4 Nf6 2. Bg5 Ne4 3. Bf4 c5 4. f3 Qa5+ 5. c3 Nf6 6. d5 {LiveBook: 747 Games} b5 {A45: Trompowsky Attack} (6... e6 $11 {remains equal.}) (6... Qb6 7. Bc1 e6 8. e4 exd5 9. exd5 Be7 10. c4 d6 11. Bd3 Nbd7 12. f4 O-O 13. Nc3 Re8 14. Nge2 Nf8 15. Qc2 Bg4 16. O-O Bxe2 17. Bxe2 {0-1 (55) Mchedlishvili,M (2600)-Melkumyan,H (2664) Batumi 2018}) 7. e4 $16 Bb7 ({Black should try} 7... e6) 8. a4 $146 ({Predecessor:} 8. Nd2 a6 9. a4 Qb6 10. Qb3 d6 11. axb5 axb5 12. Bxb5+ Nfd7 13. Rxa8 Bxa8 14. Nc4 {0-1 (35) Gara,G (2133)-Sillye,K (2114) Hungary 2012}) 8... b4 {White is clearly better.} 9. Nd2 d6 (9... e6 $16 {was called for.}) 10. Bb5+ $18 Nfd7 11. Nb3 Qb6 (11... Qd8 $16 {is a better defense.} 12. cxb4 a6) 12. cxb4 cxb4 13. Nd4 {Strongly threatening a5.} a6 14. a5 Qd8 15. Ba4 g5 $2 (15... g6 {was worth a try.} 16. Nc6 Qc7) 16. Bxg5 Rg8 17. f4 Bg7 18. Ngf3 h6 19. Bh4 Kf8 {[#]} 20. e5 $1 {[%mdl 512]} dxe5 21. Nc6 Bxc6 22. dxc6 e4 23. Ne5 (23. cxd7 Nxd7 24. Bxd7 exf3 $18) 23... Bxe5 24. fxe5 Nxc6 25. Bxc6 Nxe5 26. Qh5 (26. Bxe4 $142 Rc8 27. Bg3 Qxd1+ 28. Rxd1) 26... Rxg2 $2 (26... Nd3+ 27. Kf1 Qd6 28. Bxe4 (28. Bxa8 Qf4+ 29. Kg1 Qe3+ 30. Kf1 Rxg2 $17) 28... Rd8) 27. Qxh6+ {White is clearly winning.} Kg8 28. Bxe4 {[#] White threatens Bh7+ and mate.} Rg7 {Now ...Qd4 and Black clings on.} 29. Rd1 Qe8 30. Bg3 Ng4 31. Qc6 Qxc6 32. Bxc6 {Accuracy: White = 72%, Black = 32%.} 1-0

[Event "S. A. Group BAN-chT 2018"]
[Site "Dhaka"]
[Date "2018.12.15"]
[Round "10"]
[White "Abu Sufian, Shakil"]
[Black "Chowdhury, Sohel"]
[Result "1-0"]
[WhiteElo "2230"]
[BlackElo "2012"]
[Annotator "NA"]
[PlyCount "69"]
[EventDate "2018.12.07"]
[EventType "team-tourn"]
[EventCountry "BAN"]
[SourceTitle "playchess.com"]
[Source "ChessBase"]
[SourceQuality "1"]
[TimeControl "5400+30"]

1. e4 {[%emt 0:00:00]} c6 {[%emt 0:00:00]} 2. d4 {[%emt 0:00:00]} d5 {[%emt 0:00:05]} 3. Nc3 {[%emt 0:00:00]} dxe4 {[%emt 0:00:12]} 4. Nxe4 {[%emt 0:00:00]} Bf5 {[%emt 0:00:13]} 5. Ng3 {[%emt 0:00:00]} Bg6 {[%emt 0:00:16]} 6. h4 {[%emt 0:00:02]} h6 {[%emt 0:00:09]} 7. Nf3 {[%emt 0:00:04]} Nd7 {[%emt 0:00:25]} 8. h5 {[%emt 0:00:21]} Bh7 {[%emt 0:00:03]} 9. Bd3 {[%emt 0:00:04]} Bxd3 {[%emt 0:00:26]} 10. Qxd3 {[%emt 0:00:02]} e6 {[%emt 0:00:22]} 11. Bd2 {[%emt 0:00:07]} Ngf6 {[%emt 0:00:15]} 12. O-O-O {[%emt 0:00:08]} Be7 {[%emt 0:00:18]} 13. Kb1 {[%emt 0:05:24]} O-O {[%emt 0:01:51]} 14. Ne4 {[%emt 0:02:25]} Nxe4 {[%emt 0:00:22] B19: Classical Caro-Kann: 4...Bf5 main line} (14... c5 15. g4 Nxg4 16. Qe2 Qb6 17. Ne5 Ndxe5 18. dxe5 f5 19. exf6 Nxf6 20. Nc3 Rad8 21. Rhg1 Kh8 22. Rg6 {½-½ (38) Saric,I (2662)-Nisipeanu,L (2672) Heraklio 2017}) 15. Qxe4 {[%emt 0:00:03]} Nf6 {[%emt 0:00:50]} 16. Qe2 {[%emt 0:00:37]} Qd5 {[%emt 0:03:35]} 17. Be3 {[%emt 0:10:11]} b5 {[%emt 0:11:42] LiveBook: 16 Games} 18. Ne5 {[%emt 0:20:05]} a5 {[%emt 0:12:17]} 19. f3 {[%emt 0:02:50]} a4 {[%emt 1:06:09]} 20. g4 {[%emt 0:02:12]} a3 {[%emt 0:00:00]} 21. b3 {[%emt 0:00:09]} Qd6 {[%emt 0:00:00]} 22. Qd3 $146 {[%emt 0:15:42]} ({Predecessor:} 22. f4) 22... Nd5 {[%emt 0:00:00]} 23. f4 {[%emt 0:01:54]} f6 {[%emt 0:00:00]} 24. Ng6 {[%emt 0:00:41]} Rfe8 {[%emt 0:00:00]} 25. Bd2 {[%emt 0:00:41]} c5 {[%emt 0:00:00]} 26. g5 {[%emt 0:02:49]} c4 {[%emt 0:00:00]} 27. Qh3 {[%emt 0:02:13]} cxb3 {[%emt 0:00:00]} 28. cxb3 {[%emt 0:04:13]} b4 {[%emt 0:00:00]} 29. gxh6 {[%emt 0:01:06]} f5 $2 {[%emt 0:00:00]} (29... gxh6 30. f5 Bf8 31. Nxf8 Kxf8) 30. h7+ {[%emt 0:06:28]} Kxh7 {[%emt 0:00:00]} 31. h6 {[%emt 0:01:05]} Nf6 {[%emt 0:00:00]} 32. Rdg1 {[%emt 0:12:45]} Ng4 {[%emt 0:00:00]} 33. hxg7+ {[%emt 0:01:25]} Kxg7 {[%emt 0:00:00]} 34. Qh7+ $18 {[%emt 0:01:19]} Kf6 {[%emt 0:00:00]} 35. Ne5 {[%emt 0:00:18]} 1-0

[Event "S. A. Group BAN-chT 2018"]
[Site "Dhaka"]
[Date "2018.12.15"]
[Round "10"]
[White "Mohammed Abdul, Malek"]
[Black "Patil, Pratik"]
[Result "0-1"]
[WhiteElo "2208"]
[BlackElo "2178"]
[Annotator "NA"]
[PlyCount "78"]
[EventDate "2018.12.07"]
[EventType "team-tourn"]
[EventCountry "BAN"]
[SourceTitle "playchess.com"]
[Source "ChessBase"]
[SourceQuality "1"]
[TimeControl "5400+30"]

1. d4 {[%emt 0:00:00]} Nf6 {[%emt 0:00:00]} 2. Nf3 {[%emt 0:00:00]} g6 {[%emt 0:00:00]} 3. Nc3 {[%emt 0:00:05]} d5 {[%emt 0:00:11]} 4. Bf4 {[%emt 0:00:03]} Bg7 {[%emt 0:00:17]} 5. e3 {[%emt 0:00:07]} O-O {[%emt 0:00:37]} 6. h3 {[%emt 0:00:41] LiveBook: 61 Games} c5 {[%emt 0:01:13]} 7. Qd2 {[%emt 0:00:38] D00: 1 d4 d5: Unusual lines} (7. Be2 Nc6 8. O-O Bf5 9. Ne5 Rc8 10. Nxc6 Rxc6 11. Be5 a6 12. Bf3 cxd4 13. exd4 e6 14. Re1 g5 15. Qd2 {0-1 (44) Ni,H (2671)-Saric,I (2669) Riadh 2017}) 7... Nc6 {[%emt 0:06:38]} 8. dxc5 {[%emt 0:02:40]} Ne4 {[%emt 0:11:11]} 9. Nxe4 {[%emt 0:05:10]} dxe4 {[%emt 0:00:09]} 10. Nd4 $146 {[%emt 0:00:08]} ({Predecessor:} 10. Ng5 Bxb2 11. Rb1 Qxd2+ 12. Kxd2 Rd8+ 13. Ke2 {1-0 (34) Van Eetvelde,W (2102)-Boogaard,S Maastricht 2015}) 10... Nxd4 {[%emt 0:03:52]} 11. exd4 {[%emt 0:00:13]} Qxd4 {[%emt 0:00:22]} 12. Qxd4 {[%emt 0:00:12]} Bxd4 {[%emt 0:00:02]} 13. O-O-O {[%emt 0:00:32]} Bxf2 {[%emt 0:09:30]} 14. Bh6 {[%emt 0:00:42]} Be6 {[%emt 0:00:19]} 15. Bxf8 {[%emt 0:00:32]} Kxf8 {[%emt 0:00:30]} 16. Be2 {[%emt 0:06:16]} Bxc5 {[%emt 0:03:03]} 17. a3 {[%emt 0:00:03]} f5 {[%emt 0:02:35]} 18. Rhf1 {[%emt 0:00:22]} Kg7 {[%emt 0:02:12]} 19. Kb1 {[%emt 0:00:32]} Kf6 {[%emt 0:12:22]} 20. c4 {[%emt 0:11:38]} Ke5 {[%emt 0:06:25]} 21. Kc2 {[%emt 0:05:35]} Bd4 {[%emt 0:09:05]} 22. Kb1 {[%emt 0:07:44]} Be3 {[%emt 0:06:48]} 23. Kc2 {[%emt 0:04:11]} Rc8 {[%emt 0:07:41]} 24. Kc3 {[%emt 0:00:59]} b5 {[%emt 0:00:20]} 25. b3 {[%emt 0:00:35]} a5 {[%emt 0:00:27]} 26. a4 $2 {[%emt 0:05:55]} (26. Rfe1 {was called for.}) 26... Bd4+ {[%emt 0:02:43]} 27. Kd2 {[%emt 0:08:54]} e3+ {[%emt 0:02:38]} 28. Kc2 {[%emt 0:00:36]} bxc4 {[%emt 0:00:17]} 29. bxc4 {[%emt 0:01:49]} Bxc4 {[%emt 0:00:16]} 30. Bxc4 {[%emt 0:00:17]} Rxc4+ {[%emt 0:00:26]} 31. Kd3 {[%emt 0:00:05]} Rxa4 {[%emt 0:00:37]} 32. g3 {[%emt 0:02:31]} g5 {[%emt 0:01:02]} 33. Rb1 {[%emt 0:00:24]} Ra3+ {[%emt 0:00:17]} 34. Ke2 {[%emt 0:03:34]} Ke4 {[%emt 0:00:15]} 35. Rbc1 {[%emt 0:01:02]} Ra2+ {[%emt 0:01:15]} 36. Ke1 {[%emt 0:00:04]} f4 {[%emt 0:02:27]} 37. gxf4 {[%emt 0:01:10]} gxf4 {[%emt 0:00:02]} 38. h4 {[%emt 0:00:09]} f3 {[%emt 0:00:11]} 39. h5 {[%emt 0:00:23]} Bc3+ {[%emt 0:00:32]} 0-1

[Event "S. A. Group BAN-chT 2018"]
[Site "Dhaka"]
[Date "2018.12.15"]
[Round "10"]
[White "Anata, Choudhury"]
[Black "Ghosh, Diptayan"]
[Result "1/2-1/2"]
[WhiteElo "2169"]
[BlackElo "2541"]
[Annotator "TA"]
[PlyCount "58"]
[EventDate "2018.12.07"]
[EventType "team-tourn"]
[EventCountry "BAN"]
[SourceTitle "playchess.com"]
[Source "ChessBase"]
[SourceQuality "1"]

{[%evp 24,58,10,-11,58,58,49,50,59,58,61,50,57,54,41,54,52,55,77,66,56,61,95,85,87,56,77,52,81,75,66,49,60,20,100,-32,70]} 1. d4 Nf6 2. c4 e6 3. Nf3 b6 4. g3 Ba6 5. b3 d5 6. cxd5 exd5 7. Bg2 Bb4+ 8. Bd2 Be7 9. Nc3 {E15: Queen's Indian: 4 g3 sidelines, 4 g3 Ba6 and 4 g3 Bb7 early deviations} O-O 10. Ne5 Re8 11. O-O Bb7 12. Rc1 Nbd7 13. Bg5 {LiveBook: 5 Games} Nf8 ({Black should play} 13... c6 $11) 14. b4 $14 Ne6 15. Bxf6 Bxf6 16. e3 a6 17. Nd3 c6 18. Qb3 {[#]} b5 $146 ({Predecessor:} 18... Qd6) 19. a4 h5 20. h4 Bc8 21. Rfd1 Bd7 22. a5 Qb8 23. Ne2 Qd6 24. Kh1 g6 25. Ng1 Ng7 26. Nf3 Bg4 27. Rd2 Bxf3 28. Bxf3 {Black must now prevent Rdc2.} Nf5 (28... Rxe3 $1 $11 {remains equal.} 29. fxe3 Qxg3) 29. Qd1 {[#]} (29. Nf4 $16) 29... Rac8 {Accuracy: White = 48%, Black = 44%.} ({Black should try} 29... Nxe3 $1 $15 {[%mdl 512]} 30. fxe3 Qxg3) 1/2-1/2